| 000 | 00481nam a2200133Ia 4500 | ||
|---|---|---|---|
| 008 | 191206s9999 xx 000 0 und d | ||
| 020 | _a869241419 | ||
| 090 | _aHD2131.E35 | ||
| 245 | 0 | _aZimbabwe's agricultural revolution revisited | |
| 260 | _aUniversity of Zimbabwe Publications | ||
| 260 | _ccc2006 | ||
| 300 | _a"xxix, 728 p. : ill., maps ; 23 cm." | ||
| 999 |
_c17362 _d17362 |
||